|
|
|
|
| LEADER |
00739nam a22002292a 4500 |
| 001 |
001315394 |
| 003 |
CZ BrMZK |
| 005 |
20160830081356.0 |
| 007 |
ta |
| 008 |
130805s1969 xo er|||||||||||slo d |
| 040 |
|
|
|a ABA001
|b cze
|c ABA001
|d ABA001
|d BOA001
|
| 100 |
1 |
|
|a Neman, Miroslav,
|d 1926-2005
|7 jx20040622015
|4 aut
|
| 245 |
1 |
0 |
|a Komu ježko šaty šil /
|c Miroslav Neman ; nakreslil Štefan Cpin
|
| 250 |
|
|
|a 1. vyd.
|
| 260 |
|
|
|a Bratislava :
|b Epocha,
|c 1969
|
| 300 |
|
|
|a 1 sv. (nestránkován) ;
|c příč. 8°
|
| 490 |
1 |
|
|a Epocha
|
| 830 |
|
0 |
|a Epocha (Epocha)
|
| 910 |
|
|
|a BOA001
|b 2-0623.876
|
| 990 |
|
|
|a BK
|
| 991 |
|
|
|b 201308
|
| 996 |
7 |
|
|b 2619683701
|c 2-0623.876
|l Sklad H1
|r Sklad / do 24 hodin
|n 1
|h HS212
|w 001350398
|u 000010
|a 1
|e BOA001
|j MZK50
|s A
|